Turkey : Selected Issues.

This Selected Issues paper examines the new private pension automatic enrollment provisions in Turkey. The newly enacted automatic enrollment provisions have several advantages relative to the current voluntary private pension system. However, they have several weaknesses that risk endangering the r...

Descrición completa

Detalles Bibliográficos
Autor Corporativo: International Monetary Fund. European Dept
Formato: Revista
Idioma:English
Publicado: Washington, D.C. : International Monetary Fund, 2017.
Series:IMF Staff Country Reports; Country Report ; No. 2017/033
Acceso en liña:Full text available on IMF
LEADER 01795cas a2200241 a 4500
001 AALejournalIMF017402
008 230101c9999 xx r poo 0 0eng d
020 |c 5.00 USD 
020 |z 9781475574289 
022 |a 1934-7685 
040 |a BD-DhAAL  |c BD-DhAAL 
110 2 |a International Monetary Fund.  |b European Dept. 
245 1 0 |a Turkey :   |b Selected Issues. 
264 1 |a Washington, D.C. :  |b International Monetary Fund,  |c 2017. 
300 |a 1 online resource (72 pages) 
490 1 |a IMF Staff Country Reports 
500 |a <strong>Off-Campus Access:</strong> No User ID or Password Required 
500 |a <strong>On-Campus Access:</strong> No User ID or Password Required 
506 |a Electronic access restricted to authorized BRAC University faculty, staff and students 
520 3 |a This Selected Issues paper examines the new private pension automatic enrollment provisions in Turkey. The newly enacted automatic enrollment provisions have several advantages relative to the current voluntary private pension system. However, they have several weaknesses that risk endangering the reform in the long term. The hybrid input-output is not complete without the establishment of a public procurement board and periodic auctioning of pension services. Employers are unlikely to be more skilled than individuals in choosing pension plans for their workers. The IMF staff advice is to complete the hybrid input-output model along the lines recommended by the World Bank by establishing a procurement board for pension services for undecided participants. 
538 |a Mode of access: Internet 
830 0 |a IMF Staff Country Reports; Country Report ;  |v No. 2017/033 
856 4 0 |z Full text available on IMF  |u http://elibrary.imf.org/view/journals/002/2017/033/002.2017.issue-033-en.xml  |z IMF e-Library